000 00904nam a22003017a 4500
003 CHAP
005 20220329141514.0
008 971013s1986 r 00010 d
010 _a69242
011 _a70214
035 _a79694
040 _cCHAP
082 _a630.215
_bH8
100 0 0 _aHunt, Donnell R.
_956921
245 _aEngineering models for production
260 _aWestport, Conn :
_bAVI,
_c1986
300 _a229 p.
_b: ilus.
500 _a33-144
590 _aBATCH-UPD
_b10
_c20130110
_lUCH01
_h1928
590 _aBATCH-UPD
_b10
_c20130410
_lUCH01
_h1253
590 _aBATCH-UPD
_b10
_c20130914
_lUCH01
_h1627
590 _aCONVERSION
_b10
_c20130109
_lUCH01
_h1338
650 1 4 _aAgricultura
_xModelos matematicos.
_91744
650 1 4 _aIngeniería agrícola.
_958196
901 _aBK
942 _cLIBRO
949 _a630.215 H8
_bBC
_cLIBRO
_d-32583
_eLIBRO
_gI. 146827
_h75835
_i79694
_si
_t254.98
999 _c69242
_d69242